000 00393nam a2200145Ia 4500
008 230718s9999 xx 000 0 und d
041 _aeng
082 _a005.3684
_bJEL
100 _aJelen B.
245 _aVBA And Macros For Microsoft Office Excel 2007
260 _bPearson Educaton
365 _cRs.
_b499.00
700 _aJelen B. & Syrstad T.
906 _dB:517419-Jul-2008
_cCOMP
_b99.8
999 _c319604
_d319604